000 00377nam a2200145Ia 4500
008 230312s9999||||xx |||||||||||||| ||und||
020 _a9781119371847
082 _a006.78
_bMUE-A
100 _aSingh,Shiv
245 0 _aSocial media marketing for dummies
260 _bWiley
_aUSA
_c2017
300 _a371
650 _aComputer
_vElectronic Book Electronic books
942 _cBK
999 _c18177
_d18177